000 00660nam a2200253Ia 4500
003 OSt
005 20221007101204.0
006 a|||||r|||| 00| 0
007 ta
008 221006b |||||||| |||| 00| 0 eng d
020 _a390029580
024 _a6,007
037 _cTextual
040 _aLCO
_cLCO
_beng
041 _2eng
_aeng
082 _aZ1, K9
100 _aGross Leo Ed.
_9702708
245 0 _aInternational Law in the Twentieth Century
260 _aNew
_bYork Appleton Century Crofts U.S.A.
_c1969
300 _a1011
650 _aINTERNATIONAL LAW
942 _hZ1, K9
_cTEXL
999 _c1175570
_d1175570